000 00692nam a2200277Ia 4500
005 20260324134004.0
008 008 260324s9999 xx 000 0 eng d
020 _a9780429075216
037 _aEBOOK
040 _aCRL
040 _beng
040 _cCRL
041 _2eng
041 _aeng
084 _qCRL
100 _aBen Obinero Uwakwhe; Isaam A. Minkarah
_91195150
245 0 _a10th Symposium Construction Innovation and Global Competitiveness
260 _bTaylor and Francis
260 _c2002
365 _a
365 _b135
856 _uhttp://www.taylorfrancis.com/books/9780429075216
942 _cEBOOK
999 _c1794755
_d1794755